000
00240nam a22001097a 4500
999
_c
65196
_d
65193
082
_a
297
100
_a
A. H. Suhrawardy
245
_a
Islam for Modern times
260
_a
Lahore
_b
Ferozsons (pvt) LTD.
_c
1995
300
_a
159 p.
942
_c
BK